PREZYDENCI POLSKI (1922 - 2025) - Statystyki

Ogólne statystyki
  • Ten quiz został rozwiązany 210 razy
    46 od ostatniego zresetowania
  • Średni wynik to 9 z 11
Statystyki odpowiedzi
Lata Rządzenia Prezydent % Poprawnych
10. 2015 - 2025 Andrzej Duda
100%
11. 2025 - Karol Nawrocki
100%
6. 1990 - 1995 Lech Wałęsa
97%
7. 1995 - 2005 Aleksander Kwaśniewski
94%
8. 2005 - 2010 Lech Kaczyński
94%
9. 2010 - 2015 Bronisław Komorowski
90%
5. 1989 - 1990 Wojciech Jaruzelski
84%
4. 1947 - 1952 Bolesław Bierut
74%
1. 1922 - 1922 Gabriel Narutowicz
74%
3. 1926 - 1939 Ignacy Mościcki
65%
2. 1922 - 1926 Stanisław Wojciechowski
58%
Nie znaleziono quizów pasujących do podanych kryteriów
Rozkład punktacji
Procent ludzi z każdym wynikiem
Percentyl według liczby udzielonych odpowiedzi
Twoja historia wyników
Nie rozwiązałeś tego quizu od ostatniego zresetowania